[Event "Xtracon Chess Open 2016"]
[Site "Elsinore"]
[Date "2016.07.27"]
[Round "6.99"]
[White "Hansen, Henrik Damgaard"]
[Black "Nielsen, Andre"]
[Result "0-1"]
[WhiteElo "1831"]
[BlackElo "2047"]
[PlyCount "84"]
[EventDate "2016.07.23"]

1. e4 e5 2. Nf3 Nc6 3. d4 exd4 4. Nxd4 Nf6 5. Nxc6 bxc6 6. Bd3 d6 7. O-O Be7 8.
Nc3 O-O 9. Bf4 Be6 10. Qd2 d5 11. exd5 Nxd5 12. Nxd5 cxd5 13. c3 Bf6 14. Rfd1
Qe7 15. Qc2 h6 16. Re1 Rfd8 17. Rad1 c5 18. b3 Rac8 19. c4 d4 20. Qe2 Qb7 21.
Qh5 Qd7 22. h3 Re8 23. g4 Kf8 24. Kf1 Qc6 25. Kg1 Bd7 26. g5 g6 27. Qxh6+ Bg7
28. Qh4 Qf3 29. Bf1 Bc6 30. Bd6+ Kg8 31. Kh2 Qh1+ 32. Kg3 Qf3+ 33. Kh2 Rxe1 34.
Rxe1 Qh1+ 35. Kg3 Qf3+ 36. Kh2 d3 37. Qf4 d2 38. Qxd2 Bc3 39. Qe3 Bxe1 40. Qxe1
Re8 41. Qd2 Qh1+ 42. Kg3 Qxf1 0-1

[Event "Xtracon Chess Open 2016"]
[Site "Elsinore"]
[Date "2016.07.27"]
[Round "6.100"]
[White "Arndt, Uwe"]
[Black "Weber, Andreas"]
[Result "1-0"]
[WhiteElo "2023"]
[BlackElo "1808"]
[PlyCount "141"]
[EventDate "2016.07.23"]

1. d4 d5 2. c4 e6 3. Nf3 c5 4. cxd5 exd5 5. Nc3 Nc6 6. g3 Nf6 7. Bg5 Be7 8. Bg2
c4 9. O-O O-O 10. Ne5 Be6 11. f4 h6 12. Bxf6 Bxf6 13. e4 Bxe5 14. fxe5 Ne7 15.
Rf2 Qd7 16. a4 Bg4 17. Bf3 Bxf3 18. Qxf3 f6 19. e6 Qxe6 20. exd5 Qd6 21. Re1
Rad8 22. Nb5 Qd7 23. d6 Nc6 24. Qd5+ Qf7 25. Qc5 Rfe8 26. Rfe2 Rxe2 27. Rxe2 a6
28. Nc7 Qd7 29. Re6 b5 30. axb5 axb5 31. d5 Ne5 32. Nxb5 Re8 33. Re7 Rc8 34.
Nc7 Nf3+ 35. Kg2 Qg4 36. Qe3 Nh4+ 37. Kf2 Nf5 38. Qe6+ Kh7 39. Qe4 Qh3 40. d7
Rxc7 41. d8=Q Rxe7 42. Qdxe7 Qxh2+ 43. Kf1 Qh3+ 44. Ke2 Qh2+ 45. Kd1 Qg1+ 46.
Kc2 Qf2+ 47. Kb1 c3 48. bxc3 Qf1+ 49. Kb2 Qf2+ 50. Ka3 Qf1 51. Q7b4 Qa1+ 52.
Kb3 Qd1+ 53. Kc4 Qf1+ 54. Qd3 Qf2 55. Qbb1 g6 56. Qb7+ Kh8 57. Qc8+ Kh7 58.
Qd7+ Kh8 59. Qe8+ Kh7 60. Qf7+ Kh8 61. Qxf6+ Kh7 62. Qf7+ Kh8 63. Qe8+ Kh7 64.
Qf7+ Kh8 65. Qf6+ Kh7 66. Kb3 Qa7 67. g4 Qb8+ 68. Ka3 Qa7+ 69. Qfa6 Qc5+ 70.
Ka4 Nd6 71. Qd4 1-0

[Event "Xtracon Chess Open 2016"]
[Site "Elsinore"]
[Date "2016.07.27"]
[Round "6.101"]
[White "Opasiak, Dustin Tennessee"]
[Black "Slettebo, Jan"]
[Result "0-1"]
[WhiteElo "1807"]
[BlackElo "2022"]
[PlyCount "148"]
[EventDate "2016.07.23"]

1. e4 e5 2. Nf3 Nc6 3. Bb5 Nge7 4. Nc3 g6 5. d4 exd4 6. Nd5 Bg7 7. Bg5 h6 8.
Bf6 Bxf6 9. Nxf6+ Kf8 10. Qd2 a6 11. Bc4 d6 12. O-O-O Ne5 13. Nxe5 dxe5 14. f4
Nc6 15. Nd5 Be6 16. fxe5 Nxe5 17. Qxd4 Qd6 18. Bb3 Bg4 19. Rd2 Rd8 20. Qc3 c6
21. Ne3 Qxd2+ 22. Qxd2 Rxd2 23. Kxd2 Ke7 24. Nxg4 Nxg4 25. Rf1 Rd8+ 26. Ke2 f6
27. h3 Ne5 28. Rd1 Rxd1 29. Kxd1 Kd6 30. Ke2 Nd7 31. Ke3 Ke5 32. Bf7 g5 33. b4
Nb6 34. Bb3 Nc8 35. Bc4 Nd6 36. Bd3 b5 37. g3 Nb7 38. c4 Nd6 39. cxb5 cxb5 40.
g4 Nc8 41. Bc2 Ne7 42. a4 Nc6 43. axb5 axb5 44. Bd3 Nxb4 45. Bxb5 Nc2+ 46. Kd3
Ne1+ 47. Ke3 Ng2+ 48. Kf3 Nf4 49. Bf1 Kd4 50. h4 Ng6 51. h5 Ne5+ 52. Kg3 Kxe4
53. Ba6 Ke3 54. Bb7 Nc4 55. Bc8 Nd6 56. Bd7 Ne4+ 57. Kh3 Kf4 58. Kg2 Ng3 59.
Bc8 f5 60. gxf5 Nxh5 61. Bd7 Nf6 62. Be6 g4 63. Bc8 h5 64. Be6 h4 65. Bc8 Kg5
66. Be6 h3+ 67. Kg3 Ne4+ 68. Kh2 Kh4 69. Bd5 g3+ 70. Kg1 Nf6 71. Bb7 Ng4 72.
Bc8 h2+ 73. Kh1 Nf2+ 74. Kg2 h1=Q# 0-1

[Event "Xtracon Chess Open 2016"]
[Site "Elsinore"]
[Date "2016.07.27"]
[Round "6.102"]
[White "Madsen, Michael Ole"]
[Black "Maselli, Daniel"]
[Result "1-0"]
[WhiteElo "2010"]
[BlackElo "1751"]
[PlyCount "41"]
[EventDate "2016.07.23"]

1. d4 Nf6 2. c4 g6 3. Nc3 Bg7 4. Nf3 O-O 5. Bf4 d6 6. h3 Nbd7 7. e3 Kh8 8. Be2
Ng8 9. O-O e5 10. Bg5 Ne7 11. dxe5 Nxe5 12. c5 f6 13. Bf4 d5 14. e4 dxe4 15.
Qxd8 Rxd8 16. Nxe5 fxe5 17. Bg5 Bf8 18. Bf6+ Kg8 19. Bc4+ Nd5 20. Bxd5+ Rxd5
21. Nxd5 1-0

[Event "Xtracon Chess Open 2016"]
[Site "Elsinore"]
[Date "2016.07.27"]
[Round "6.103"]
[White "Rosell, Sven"]
[Black "Pedersen, Carl Aage"]
[Result "1-0"]
[WhiteElo "1996"]
[BlackElo "1781"]
[PlyCount "139"]
[EventDate "2016.07.23"]

1. c4 c6 2. e4 d6 3. g3 g6 4. Bg2 Bg7 5. Nc3 e6 6. Nf3 Ne7 7. O-O O-O 8. d3 Nd7
9. Bg5 f6 10. Be3 Re8 11. Qd2 Nf8 12. Rab1 e5 13. d4 b6 14. dxe5 dxe5 15. Qc2
Be6 16. Qa4 Qd3 17. Nd2 Qd7 18. Rfd1 Qc7 19. Rbc1 Qb7 20. Nf3 Red8 21. Qb4
Rxd1+ 22. Rxd1 Qc7 23. Rc1 Kf7 24. h3 Rd8 25. Bf1 Qc8 26. Kh2 g5 27. Qa4 Qb7
28. Qb4 Rd7 29. Be2 h6 30. Kg2 Nfg6 31. Rh1 Rd8 32. h4 g4 33. Nh2 h5 34. Qa4 f5
35. exf5 Nxf5 36. Rf1 Kg8 37. Bg5 Rd4 38. Qc2 c5+ 39. Kg1 Qf7 40. b3 Kh8 41.
Bd3 Qd7 42. Be4 Nge7 43. Bg2 Qe8 44. Nb5 Rd7 45. Rd1 a6 46. Nc3 Rxd1+ 47. Qxd1
Qd7 48. Qxd7 Bxd7 49. Be4 Kg8 50. Nf1 Kf7 51. Ne3 Nxe3 52. Bxe3 Bf5 53. Bb7 Bc8
54. Bg2 Bd7 55. Kf1 Bf5 56. Ne4 Ke6 57. Nc3 Kd6 58. Ke1 Bf6 59. Ne4+ Ke6 60.
Kd1 Bg7 61. Bg5 Bh8 62. Nc3 Bf6 63. Bxf6 Kxf6 64. Na4 Nc8 65. Bb7 Nd6 66. Bxa6
Ne4 67. Ke1 Ke6 68. Bc8+ Kf6 69. Bxf5 Kxf5 70. Nxb6 1-0

[Event "Xtracon Chess Open 2016"]
[Site "Elsinore"]
[Date "2016.07.27"]
[Round "6.104"]
[White "Gula, Julian"]
[Black "Schmied, Andreas"]
[Result "1/2-1/2"]
[WhiteElo "1801"]
[BlackElo "1995"]
[PlyCount "45"]
[EventDate "2016.07.23"]

1. d4 d5 2. c4 c6 3. Nf3 Nf6 4. Qc2 g6 5. e3 Bg7 6. Nc3 O-O 7. Bd3 c5 8. cxd5
cxd4 9. Nxd4 Nxd5 10. Nxd5 Qxd5 11. Be4 Qa5+ 12. Bd2 Qb6 13. O-O Bd7 14. a4 Rc8
15. Qd3 a5 16. Bc3 Nc6 17. Nb5 Be8 18. Rfd1 Nb4 19. Qe2 Bc6 20. Bxc6 Nxc6 21.
Bxg7 Kxg7 22. Nd4 Nxd4 23. Rxd4 1/2-1/2

[Event "Xtracon Chess Open 2016"]
[Site "Elsinore"]
[Date "2016.07.27"]
[Round "6.105"]
[White "Zakariassen, Tom"]
[Black "Kakulidis, Ellen"]
[Result "1/2-1/2"]
[WhiteElo "1797"]
[BlackElo "1989"]
[PlyCount "104"]
[EventDate "2016.07.23"]

1. f4 Nf6 2. Nf3 g6 3. e3 Bg7 4. d4 d6 5. Bd3 Nbd7 6. O-O O-O 7. Qe2 b6 8. Nbd2
Bb7 9. c3 Qe8 10. Ba6 Bxa6 11. Qxa6 e5 12. Nb3 Kh8 13. Bd2 Qe7 14. Rae1 e4 15.
Ng5 d5 16. Nh3 c6 17. Rc1 Rfc8 18. Qe2 c5 19. Nf2 Qe6 20. h3 h5 21. g3 Kg8 22.
Kg2 Kf8 23. g4 hxg4 24. hxg4 Ke7 25. g5 Nh5 26. Qg4 Rh8 27. Qxe6+ fxe6 28. Ng4
Rhf8 29. Ne5 Bxe5 30. dxe5 Ng7 31. Rh1 Rh8 32. Rxh8 Rxh8 33. Rh1 Rxh1 34. Kxh1
Nf5 35. Kg2 a5 36. Nc1 Nb8 37. b4 axb4 38. cxb4 c4 39. Kf2 b5 40. Ne2 Nc6 41.
Bc3 Kd7 42. a3 Nce7 43. Nd4 Nxd4 44. Bxd4 Nf5 45. Bc3 Kc6 46. Bd4 Ne7 47. Ke2
Nf5 48. Kd2 Kb7 49. Kc3 Kc6 50. Kd2 Ne7 51. Kc3 Nf5 52. Kd2 Ne7 1/2-1/2

[Event "Xtracon Chess Open 2016"]
[Site "Elsinore"]
[Date "2016.07.27"]
[Round "6.106"]
[White "Andberg, Tor Arne Heim"]
[Black "Larsen, Ulrik"]
[Result "1/2-1/2"]
[WhiteElo "1727"]
[BlackElo "1983"]
[PlyCount "53"]
[EventDate "2016.07.23"]

1. e4 e5 2. Nf3 Nc6 3. Bb5 a6 4. Ba4 Nf6 5. O-O b5 6. Bb3 Bc5 7. d3 d6 8. a4
Rb8 9. h3 O-O 10. Nc3 b4 11. Nd5 Nxd5 12. Bxd5 Ne7 13. Bb3 Ng6 14. c3 bxc3 15.
bxc3 Nh4 16. Bd5 Bd7 17. Ng5 h6 18. Nxf7 Rxf7 19. Qh5 Be8 20. g3 Qf6 21. Bxf7+
Bxf7 22. Qxh4 g5 23. Qg4 Be6 24. Qh5 d5 25. h4 Bf7 26. hxg5 Qxf2+ 27. Rxf2
1/2-1/2

[Event "Xtracon Chess Open 2016"]
[Site "Elsinore"]
[Date "2016.07.27"]
[Round "6.107"]
[White "Frisk, Hans"]
[Black "Norevall, Ulf"]
[Result "1-0"]
[WhiteElo "1981"]
[BlackElo "1749"]
[PlyCount "105"]
[EventDate "2016.07.23"]

1. e4 c5 2. Nf3 Nc6 3. Bb5 e6 4. Bxc6 bxc6 5. O-O d6 6. c3 Nf6 7. Re1 e5 8. d4
cxd4 9. cxd4 Qc7 10. dxe5 dxe5 11. Nbd2 Be6 12. Qc2 Bd6 13. Nc4 O-O 14. Nxd6
Qxd6 15. Be3 Nd7 16. Red1 Qc7 17. Bc5 Nxc5 18. Qxc5 Rfd8 19. Nxe5 Bxa2 20. Rdc1
Qb6 21. Qxb6 axb6 22. Nxc6 Re8 23. f3 f5 24. Nb4 Be6 25. Rxa8 Rxa8 26. Rc6 Kf7
27. exf5 Bxf5 28. g4 Be6 29. Rxb6 Rd8 30. Kf2 Rd2+ 31. Kg3 Rxb2 32. Rb7+ Kg6
33. h4 Rb3 34. Kf4 h6 35. Rb6 Kf7 36. Rb7+ Kf6 37. g5+ hxg5+ 38. hxg5+ Kg6 39.
Rb8 Bc4 40. Rb6+ Kf7 41. g6+ Ke7 42. Nc6+ Kf6 43. Nb4+ Ke7 44. Kg5 Be6 45. Nc6+
Kd6 46. Rxb3 Bxb3 47. Nd4 Ba2 48. Nf5+ Ke6 49. Nxg7+ Ke7 50. Nf5+ Kf8 51. Kf6
Bg8 52. g7+ Ke8 53. Nh6 1-0

[Event "Xtracon Chess Open 2016"]
[Site "Elsinore"]
[Date "2016.07.27"]
[Round "6.108"]
[White "Rasmussen, Morten Fredsgaard"]
[Black "Jarve, Edvin"]
[Result "0-1"]
[WhiteElo "1972"]
[BlackElo "1716"]
[PlyCount "70"]
[EventDate "2016.07.23"]

1. f4 d5 2. Nf3 Nf6 3. e3 c6 4. b3 Bg4 5. Be2 Nbd7 6. Bb2 e6 7. O-O Bd6 8. Ne5
Bxe2 9. Qxe2 O-O 10. d3 Qc7 11. Nxd7 Nxd7 12. Qg4 e5 13. Rf3 f6 14. Nd2 Rae8
15. Raf1 Rf7 16. a4 exf4 17. exf4 Bc5+ 18. d4 Bd6 19. g3 c5 20. Rc3 Qa5 21. Kg2
cxd4 22. Rd3 Bb4 23. Qd1 Bc3 24. Bxc3 dxc3 25. Nc4 dxc4 26. Rxd7 cxb3 27. cxb3
Qc5 28. Rxf7 Kxf7 29. Rf2 Qc6+ 30. Kh3 Qe6+ 31. f5 Qe4 32. Qh5+ Kg8 33. Rf4 Qe1
34. Rh4 Qf1+ 35. Kg4 Re4# 0-1

[Event "Xtracon Chess Open 2016"]
[Site "Elsinore"]
[Date "2016.07.27"]
[Round "6.109"]
[White "Bremer, Erik"]
[Black "Petersen, Rasmus"]
[Result "1/2-1/2"]
[WhiteElo "1458"]
[BlackElo "1730"]
[PlyCount "56"]
[EventDate "2016.07.23"]

1. e4 c5 2. Nc3 Nc6 3. f4 d6 4. Nf3 e6 5. Bc4 Nf6 6. d3 Be7 7. O-O a6 8. a3 b5
9. Ba2 Bb7 10. Ne2 O-O 11. Ng3 Qc7 12. f5 e5 13. Kh1 Rfd8 14. Bg5 h6 15. Bxf6
Bxf6 16. Ne2 Ne7 17. Nc3 d5 18. Qe1 dxe4 19. Nxe4 Bxe4 20. Qxe4 Qd6 21. Rad1
Nc6 22. Qg4 Nd4 23. c3 Nxf3 24. Rxf3 Kf8 25. Rdf1 Re8 26. Qe4 Rad8 27. h3 Rd7
28. Bb1 Red8 1/2-1/2

[Event "Xtracon Chess Open 2016"]
[Site "Elsinore"]
[Date "2016.07.27"]
[Round "6.110"]
[White "Bennett, Rhys"]
[Black "Svensson, Lars Ake"]
[Result "1/2-1/2"]
[WhiteElo "1711"]
[BlackElo "1972"]
[PlyCount "42"]
[EventDate "2016.07.23"]

1. e4 c5 2. Nf3 d6 3. d4 cxd4 4. Nxd4 Nf6 5. Nc3 a6 6. Be2 e6 7. Be3 Be7 8. f4
Nc6 9. O-O O-O 10. a4 Bd7 11. Nb3 Na5 12. Nxa5 Qxa5 13. Qd2 Qc7 14. Bf3 Bc6 15.
Rad1 Nd7 16. Kh1 b5 17. axb5 axb5 18. Ne2 Qb7 19. Nd4 Bxe4 20. Bxe4 Qxe4 21.
Nxb5 Nf6 1/2-1/2

[Event "Xtracon Chess Open 2016"]
[Site "Elsinore"]
[Date "2016.07.27"]
[Round "6.111"]
[White "Oe, Oluf"]
[Black "Haugaard, Thomas"]
[Result "1-0"]
[WhiteElo "1971"]
[BlackElo "1672"]
[PlyCount "87"]
[EventDate "2016.07.23"]

1. d4 Nf6 2. Nf3 e6 3. c4 b6 4. Nc3 Bb7 5. e3 Be7 6. Be2 O-O 7. O-O Ne4 8. Nxe4
Bxe4 9. Bd2 c5 10. Bc3 d6 11. Nd2 Bb7 12. f3 f5 13. Qc2 cxd4 14. exd4 Bf6 15.
Rad1 Nc6 16. Nb3 Qc7 17. Bd3 Ne7 18. Rfe1 Bc8 19. Qe2 Bd7 20. Rc1 Rae8 21. Qf2
Qb8 22. Re2 e5 23. dxe5 dxe5 24. Qe1 Nc6 25. c5 Nd4 26. Bxd4 exd4 27. c6 Rxe2
28. Qxe2 Bc8 29. g3 Qc7 30. Nd2 Bd7 31. Bc4+ Kh8 32. Bb5 a6 33. Bxa6 Bxc6 34.
Qc4 Qa7 35. a4 Bb7 36. Bxb7 Qxb7 37. Qc6 Qe7 38. Nf1 Qb4 39. Qc2 g6 40. b3 Be7
41. Qd3 Bc5 42. Rc4 Qe1 43. b4 Re8 44. bxc5 1-0

[Event "Xtracon Chess Open 2016"]
[Site "Elsinore"]
[Date "2016.07.27"]
[Round "6.112"]
[White "Skjolas, Erling Dyrhaug"]
[Black "Bering, Anders"]
[Result "1-0"]
[WhiteElo "1709"]
[BlackElo "1967"]
[PlyCount "77"]
[EventDate "2016.07.23"]

1. c4 e5 2. g3 Nf6 3. Bg2 d5 4. cxd5 Nxd5 5. Nc3 Nb6 6. Nf3 Nc6 7. d3 Be7 8.
O-O O-O 9. Be3 Be6 10. d4 exd4 11. Nxd4 Nxd4 12. Bxd4 c5 13. Be3 Nc4 14. Nd5
Nxe3 15. Nxe3 Qb6 16. b3 Rfd8 17. Nd5 Qd6 18. Nxe7+ Qxe7 19. Qc2 Rd7 20. Rad1
Rad8 21. Rxd7 Rxd7 22. Rd1 b6 23. Rxd7 Qxd7 24. Qd3 Qxd3 25. exd3 Bf5 26. Be4
Bxe4 27. dxe4 Kf8 28. Kf1 Ke7 29. Ke2 g5 30. f4 gxf4 31. gxf4 Kf6 32. Kd3 b5
33. Ke3 Kg6 34. Kd3 Kh5 35. e5 Kg6 36. Ke4 c4 37. f5+ Kg5 38. h4+ Kxh4 39. e6
1-0

[Event "Xtracon Chess Open 2016"]
[Site "Elsinore"]
[Date "2016.07.27"]
[Round "6.113"]
[White "Voll, Oddvar U"]
[Black "Shehzad, Kasher"]
[Result "1-0"]
[WhiteElo "1967"]
[BlackElo "1656"]
[PlyCount "57"]
[EventDate "2016.07.23"]

1. e4 d5 2. exd5 Nf6 3. Bb5+ Bd7 4. Bc4 Bf5 5. Nc3 Nbd7 6. Nf3 Nb6 7. Bb5+ Bd7
8. Qe2 Nbxd5 9. Nxd5 Nxd5 10. Ne5 Nf6 11. d4 a6 12. Bc4 e6 13. d5 Qe7 14. Nxd7
Kxd7 15. dxe6+ fxe6 16. O-O Re8 17. Rd1+ Kc8 18. Bxa6 bxa6 19. Qxa6+ Kb8 20.
Rd3 Nd5 21. Rb3+ Nb6 22. Be3 Qd8 23. Bxb6 cxb6 24. Rxb6+ Qxb6 25. Qxb6+ Kc8 26.
Qc6+ Kd8 27. Rd1+ Ke7 28. Qd7+ Kf6 29. Qxe8 1-0

[Event "Xtracon Chess Open 2016"]
[Site "Elsinore"]
[Date "2016.07.27"]
[Round "6.114"]
[White "Molvig, Julius"]
[Black "Skaale, Janus"]
[Result "1/2-1/2"]
[WhiteElo "1964"]
[BlackElo "1628"]
[PlyCount "90"]
[EventDate "2016.07.23"]

1. d4 d5 2. c4 c6 3. Nf3 Nf6 4. Nc3 dxc4 5. a4 Bf5 6. Bg5 Nbd7 7. e3 Nb6 8. a5
Nbd5 9. Bxc4 e6 10. O-O Be7 11. Qb3 Rb8 12. Rfe1 Nxc3 13. bxc3 Ne4 14. Bxe7
Qxe7 15. Rad1 O-O 16. Ne5 Nd6 17. Be2 Qc7 18. Qa4 f6 19. Nd3 b6 20. Nb4 b5 21.
Qb3 Rbc8 22. Bf3 Qd7 23. e4 Bg6 24. e5 Nc4 25. exf6 Rxf6 26. Qa2 Kh8 27. Na6
Qf7 28. Nc5 Rxf3 29. gxf3 Qxf3 30. Qe2 Qxe2 31. Rxe2 Bh5 32. Rde1 Bxe2 33. Rxe2
Re8 34. f4 g6 35. Kf2 Re7 36. a6 Nb6 37. Rxe6 Rxe6 38. Nxe6 Nd5 39. Nd8 Ne7 40.
Ke3 Kg7 41. Ke4 Kf6 42. h3 h6 43. h4 h5 44. Ke3 Kg7 45. Ke4 Kf6 1/2-1/2

[Event "Xtracon Chess Open 2016"]
[Site "Elsinore"]
[Date "2016.07.27"]
[Round "6.115"]
[White "Jacobsen, Elise Sjottem"]
[Black "Strachan, Christian C"]
[Result "1-0"]
[WhiteElo "1611"]
[BlackElo "1964"]
[PlyCount "91"]
[EventDate "2016.07.23"]

1. e4 e6 2. d4 d5 3. Nc3 Bb4 4. e5 b6 5. a3 Bf8 6. f4 c5 7. Nf3 Nc6 8. Bb5 Bd7
9. Be3 Nh6 10. Ne2 Nxe5 11. fxe5 Bxb5 12. Bxh6 gxh6 13. c3 Be7 14. Kf2 O-O 15.
Nf4 Kh8 16. h4 Rg8 17. Qd2 Rg4 18. g3 Qg8 19. Rag1 f6 20. Nh2 fxe5 21. Nxg4
Qxg4 22. dxe5 c4 23. Kg2 Bc5 24. Re1 Rg8 25. Rh3 Bc6 26. Kh2 Rd8 27. Qe2 Qf5
28. Qh5 Qxh5 29. Nxh5 d4 30. cxd4 Rxd4 31. Nf4 Rd2+ 32. Re2 Rd1 33. g4 Rh1+ 34.
Kg3 Rg1+ 35. Kh2 Rxg4 36. Ng2 Bd4 37. Rg3 Rg6 38. Nf4 Rxg3 39. Kxg3 Kg8 40.
Nxe6 Bg1 41. Re1 Bd7 42. Rxg1 Bxe6 43. Rf1 Kg7 44. Rf6 Bd7 45. Kf4 b5 46. Ra6
1-0

[Event "Xtracon Chess Open 2016"]
[Site "Elsinore"]
[Date "2016.07.27"]
[Round "6.116"]
[White "Kizatbay, Abyl"]
[Black "Kyrkjebo, Eirik"]
[Result "0-1"]
[WhiteElo "1961"]
[BlackElo "1590"]
[PlyCount "56"]
[EventDate "2016.07.23"]

1. c4 e5 2. Nc3 Nf6 3. d4 exd4 4. Qxd4 Nc6 5. Qd1 Bc5 6. Nf3 h6 7. a3 a5 8. e3
O-O 9. Bd3 d6 10. h3 Re8 11. O-O Ne5 12. Nxe5 Rxe5 13. Qc2 d5 14. cxd5 Nxd5 15.
Nxd5 Rxd5 16. Be4 Rg5 17. f4 Rh5 18. Bf3 Rf5 19. Kh1 Bb6 20. Rd1 Qf6 21. Be4
Rc5 22. Qa4 Bf5 23. Bxb7 Rb8 24. Be4 Bxe4 25. Qxe4 Rd8 26. Bd2 Rcd5 27. Bc3
Rxd1+ 28. Kh2 Qe6 0-1

[Event "Xtracon Chess Open 2016"]
[Site "Elsinore"]
[Date "2016.07.27"]
[Round "6.117"]
[White "Ukkelberg, Oyvind"]
[Black "Rogacewicz, Mikolaj"]
[Result "1-0"]
[WhiteElo "1956"]
[BlackElo "1551"]
[PlyCount "43"]
[EventDate "2016.07.23"]

1. e4 e6 2. Qe2 c5 3. Nf3 Nc6 4. g3 d6 5. Bg2 Nf6 6. O-O Be7 7. c3 O-O 8. d4
cxd4 9. cxd4 d5 10. e5 Nd7 11. Nc3 f6 12. exf6 Nxf6 13. Bh3 Kh8 14. Rd1 Ne4 15.
Nxe4 dxe4 16. Qxe4 e5 17. Bxc8 Rxc8 18. Be3 exd4 19. Nxd4 Nxd4 20. Bxd4 Qc7 21.
Qg4 Bd6 22. Rac1 1-0

[Event "Xtracon Chess Open 2016"]
[Site "Elsinore"]
[Date "2016.07.27"]
[Round "6.118"]
[White "Yilmaz, Kazim"]
[Black "Steenstrup, Svend"]
[Result "1/2-1/2"]
[WhiteElo "1542"]
[BlackElo "1951"]
[PlyCount "59"]
[EventDate "2016.07.23"]

1. e4 c5 2. Nc3 Nc6 3. Nf3 g6 4. Bc4 Bg7 5. O-O a6 6. d3 Na5 7. a4 Nxc4 8. dxc4
d6 9. h3 f5 10. Re1 Bxc3 11. bxc3 fxe4 12. Rxe4 Nf6 13. Re1 h5 14. Bg5 Kf7 15.
Bxf6 Kxf6 16. Qd5 Bf5 17. Re2 Qd7 18. Rae1 Rae8 19. Qd2 e5 20. Qg5+ Kg7 21. Nh4
Qe6 22. Nxf5+ Qxf5 23. Qxf5 gxf5 24. Rb1 Re7 25. Rb6 Rh6 26. Rd2 Rd7 27. Rd1
Re6 28. Rdb1 Ree7 29. Rd1 Re6 30. Rdb1 1/2-1/2

[Event "Xtracon Chess Open 2016"]
[Site "Elsinore"]
[Date "2016.07.27"]
[Round "6.119"]
[White "Arbeus, Carl Johan"]
[Black "Nielsen, Jan Mose"]
[Result "0-1"]
[WhiteElo "1784"]
[BlackElo "2110"]
[PlyCount "64"]
[EventDate "2016.07.23"]

1. e4 c5 2. Nf3 Nc6 3. d4 cxd4 4. Nxd4 e5 5. Nb5 d6 6. N1c3 a6 7. Na3 Nf6 8.
Bg5 Be7 9. Bxf6 gxf6 10. Nd5 f5 11. Nc4 fxe4 12. Ncb6 Rb8 13. Qh5 Be6 14. O-O-O
Nb4 15. Bc4 Nxd5 16. Nxd5 b5 17. Nf6+ Bxf6 18. Bxe6 Qe7 19. Rxd6 Bg5+ 20. Kb1
Qxd6 21. Bxf7+ Kf8 22. h4 Be7 23. Rd1 Qf6 24. Bd5 Rd8 25. Qg4 Qf4 26. Qe6 Rd6
27. Qc8+ Kg7 28. Qc7 Re8 29. c4 bxc4 30. Qxc4 Red8 31. g3 Qg4 32. f4 Qxd1+ 0-1

[Event "Xtracon Chess Open 2016"]
[Site "Elsinore"]
[Date "2016.07.27"]
[Round "6.120"]
[White "Nielsen, Kai Gylling"]
[Black "Schrodt, Sebastian"]
[Result "0-1"]
[WhiteElo "1780"]
[BlackElo "2060"]
[PlyCount "82"]
[EventDate "2016.07.23"]

1. Nf3 c5 2. e4 Nc6 3. Nc3 d6 4. d4 cxd4 5. Nxd4 e5 6. Nb3 a6 7. Bc4 b5 8.
Bxf7+ Kxf7 9. Qd5+ Be6 10. Qxc6 Nf6 11. Bg5 Be7 12. Bxf6 gxf6 13. Nd5 Rc8 14.
Qxa6 Rxc2 15. O-O Rg8 16. Rfc1 Rxg2+ 17. Kxg2 Qg8+ 18. Kh1 Bg4 19. Nd2 Rxd2 20.
Rc3 Qg6 21. Qa7 Qxe4+ 22. Kg1 Qxd5 23. Qe3 Qd4 24. Qg3 Bf5 25. Rcc1 Qg4 26.
Qxg4 Bxg4 27. Rc3 Rxb2 28. a4 bxa4 29. Rxa4 Rb7 30. Kg2 Be6 31. Rh4 Bf5 32. Kg3
Bg6 33. Rhc4 Ke6 34. f4 Rd7 35. fxe5 fxe5 36. h4 d5 37. Rc6+ Rd6 38. Rxd6+ Bxd6
39. Rc6 h5 40. Kf3 e4+ 41. Ke3 Ke5 0-1

[Event "Xtracon Chess Open 2016"]
[Site "Elsinore"]
[Date "2016.07.27"]
[Round "6.121"]
[White "Olesen, Poul Erik Norgaard"]
[Black "Gottschalck, Christian"]
[Result "1-0"]
[WhiteElo "2020"]
[BlackElo "1778"]
[PlyCount "71"]
[EventDate "2016.07.23"]

1. e4 d5 2. exd5 Nf6 3. d4 Nxd5 4. Nf3 g6 5. c4 Nb6 6. Nc3 Bg7 7. h3 O-O 8. Bf4
a6 9. Qd2 Re8 10. Be2 c6 11. O-O N8d7 12. Rad1 Nf6 13. Rfe1 Be6 14. b3 Qc8 15.
Bh6 Bh8 16. Ng5 Bf5 17. Bf3 Qc7 18. g4 Bd7 19. Nge4 Rad8 20. Nxf6+ Bxf6 21. c5
Nd5 22. Bxd5 cxd5 23. Nxd5 Qc6 24. Nb4 Qc8 25. Qf4 Bh8 26. Nd5 Bxg4 27. Rxe7
Bf5 28. Rde1 Qc6 29. Qd6 Be6 30. Rxe8+ Rxe8 31. Ne7+ Rxe7 32. Qxe7 Qc8 33. d5
Bd7 34. c6 bxc6 35. dxc6 Be6 36. Rd1 1-0

[Event "Xtracon Chess Open 2016"]
[Site "Elsinore"]
[Date "2016.07.27"]
[Round "6.122"]
[White "Fjellengen, Bard"]
[Black "Janse, Alexander"]
[Result "0-1"]
[WhiteElo "1764"]
[BlackElo "2017"]
[PlyCount "88"]
[EventDate "2016.07.23"]

1. e4 c5 2. Nf3 d6 3. Bb5+ Bd7 4. Bxd7+ Qxd7 5. d4 cxd4 6. Nxd4 g6 7. O-O Bg7
8. Be3 Nf6 9. f3 O-O 10. c3 Nc6 11. Na3 Rfd8 12. Qe2 a6 13. Nc4 Rab8 14. Nb6
Qc7 15. Nb3 d5 16. exd5 Nxd5 17. Nxd5 Rxd5 18. Rad1 Rbd8 19. Rxd5 Rxd5 20. Rd1
Qd7 21. Rxd5 Qxd5 22. Qd2 Qxd2 23. Bxd2 b5 24. Nc5 a5 25. Nd3 a4 26. Be3 Na5
27. Bc5 Kf8 28. Kf1 Ke8 29. Ke2 Nc4 30. Bb4 Nb6 31. a3 Nd5 32. Ba5 Kd7 33. g3
Kd6 34. Nf2 f5 35. Kd3 h5 36. Nd1 g5 37. Ne3 Nxe3 38. Kxe3 Kd5 39. Kd3 e5 40.
Bd8 Bh6 41. c4+ bxc4+ 42. Kc3 g4 43. fxg4 hxg4 44. Bb6 Bf8 0-1

[Event "Xtracon Chess Open 2016"]
[Site "Elsinore"]
[Date "2016.07.27"]
[Round "6.123"]
[White "Haagen Larsen, Hans"]
[Black "Philipsen, William Horup"]
[Result "0-1"]
[WhiteElo "1752"]
[BlackElo "2016"]
[PlyCount "50"]
[EventDate "2016.07.23"]

1. d4 c5 2. d5 Nf6 3. c4 e6 4. Nc3 b5 5. Nxb5 exd5 6. cxd5 Qa5+ 7. Nc3 d6 8.
Bd2 Be7 9. e4 O-O 10. Bd3 Bg4 11. f3 Bh5 12. Nge2 Nbd7 13. g4 Nxg4 14. Ng3 Nge5
15. Be2 Bh4 16. O-O Bxg3 17. hxg3 f5 18. Nb5 Qb6 19. Kg2 Nxf3 20. Nxd6 fxe4 21.
Nxe4 Nde5 22. Bc3 Ng4 23. Qc1 c4 24. Kh1 Ne3 25. Rf2 Qh6 0-1

[Event "Xtracon Chess Open 2016"]
[Site "Elsinore"]
[Date "2016.07.27"]
[Round "6.124"]
[White "Garberg, Tore"]
[Black "Nielsen, Palle"]
[Result "1-0"]
[WhiteElo "1989"]
[BlackElo "1778"]
[PlyCount "37"]
[EventDate "2016.07.23"]

1. e4 Nc6 2. d4 d5 3. exd5 Qxd5 4. Nf3 Bg4 5. Be2 O-O-O 6. c4 Qf5 7. Be3 Nf6 8.
Nc3 e5 9. d5 Nb4 10. O-O Bxf3 11. Bxf3 Qc2 12. Rc1 Qxd1 13. Rfxd1 b6 14. a3 Na6
15. b4 Nb8 16. c5 Kd7 17. Nb5 a6 18. c6+ Ke7 19. Nxc7 1-0

[Event "Xtracon Chess Open 2016"]
[Site "Elsinore"]
[Date "2016.07.27"]
[Round "6.125"]
[White "Holmstrom, Johan Ravnborg"]
[Black "Kalveus, Jan"]
[Result "1/2-1/2"]
[WhiteElo "1942"]
[BlackElo "1773"]
[PlyCount "78"]
[EventDate "2016.07.23"]

1. Nf3 Nf6 2. c4 e6 3. Nc3 d5 4. e3 Be7 5. d4 O-O 6. Bd3 Nbd7 7. O-O c5 8. cxd5
exd5 9. dxc5 Nxc5 10. Be2 Bg4 11. b4 Nce4 12. Nxe4 dxe4 13. Nd4 Bxe2 14. Qxe2
Qb6 15. a3 Nd5 16. Bb2 Bf6 17. Rfd1 Rad8 18. g3 Be5 19. Rac1 Nf6 20. Nb3 Bxb2
21. Qxb2 h5 22. Qe5 Rfe8 23. Rxd8 Qxd8 24. Qc7 Qd3 25. Qc4 Qd7 26. Nc5 Qh3 27.
Qf1 Qxf1+ 28. Kxf1 Rc8 29. Ke2 b6 30. Nb3 Rxc1 31. Nxc1 Kf8 32. f3 exf3+ 33.
Kxf3 Ke7 34. e4 Ng4 35. h3 Ne5+ 36. Kf4 Nc4 37. a4 Nb2 38. a5 bxa5 39. bxa5 Nc4
1/2-1/2

[Event "Xtracon Chess Open 2016"]
[Site "Elsinore"]
[Date "2016.07.27"]
[Round "6.126"]
[White "McAndrew, Robert"]
[Black "Andersen, Claus"]
[Result "1/2-1/2"]
[WhiteElo "1939"]
[BlackElo "1766"]
[PlyCount "51"]
[EventDate "2016.07.23"]

1. d4 Nf6 2. Nf3 g6 3. g3 Bg7 4. Bg2 O-O 5. O-O d5 6. b3 Nbd7 7. Bb2 b6 8. c4
Bb7 9. Nc3 e6 10. Qc2 dxc4 11. bxc4 c5 12. Rfd1 cxd4 13. Rxd4 Qc8 14. Nb5 Ne8
15. Rh4 Ndf6 16. Rd1 a6 17. Nd6 Nxd6 18. Rxd6 b5 19. Be5 Qc5 20. Qc3 Ne4 21.
Qd4 Bxe5 22. Qxc5 Nxc5 23. Nxe5 Bxg2 24. Kxg2 Rfd8 25. Rhd4 Rxd6 26. Rxd6
1/2-1/2